000 00275nam a2200109Ia 4500
008 200302s9999 xx 000 0 und d
100 _aNeelum Saran Gour & Other
245 _aAllahabad Where the Rivers Meet
260 _bMarg Publications
260 _c2009
300 _a180 P.,
999 _c5732
_d5732